[Event "Liberec Open 2018"]
[Site "Liberec CZE"]
[Date "2018.02.28"]
[Round "6.13"]
[White "Spik, Peter"]
[Black "Zeleny, Tomas"]
[Result "0-1"]
[WhiteElo "1985"]
[BlackElo "1752"]
[PlyCount "50"]
[EventDate "2018.02.24"]
[EventCountry "CZE"]
[SourceTitle "Ajedrez en Madrid"]
[Source "lmi"]
[SourceDate "2018.02.24"]

1. d4 Nf6 2. Nf3 g6 3. Nbd2 d5 4. g3 Bg7 5. Bg2 O-O 6. O-O c6 7. Re1 Bf5 8. Nh4
Be6 9. e4 dxe4 10. Nxe4 Nxe4 11. Rxe4 Bd5 12. Re1 Bxg2 13. Nxg2 Bxd4 14. Bh6
Re8 15. c3 Bf6 16. Qb3 Qc7 17. Ne3 Nd7 18. Ng4 Bg7 19. Rad1 Rad8 20. Bg5 Ne5
21. Rxd8 Nf3+ 22. Kh1 Qxd8 23. Rd1 Qc8 24. Nh6+ Bxh6 25. Bxh6 Qh3 0-1

[Event "Liberec Open 2018"]
[Site "Liberec CZE"]
[Date "2018.02.28"]
[Round "6.14"]
[White "Hurtik, Matej"]
[Black "Slivka, David"]
[Result "1/2-1/2"]
[WhiteElo "1590"]
[BlackElo "1807"]
[PlyCount "62"]
[EventDate "2018.02.24"]
[EventCountry "CZE"]
[SourceTitle "Ajedrez en Madrid"]
[Source "lmi"]
[SourceDate "2018.02.24"]

1. e4 c6 2. d4 d5 3. e5 Bf5 4. Nc3 e6 5. g4 Bg6 6. Nge2 Nd7 7. h4 h6 8. Bg2 Bb4
9. f4 Ne7 10. Be3 Qb6 11. Qd2 h5 12. f5 exf5 13. g5 O-O-O 14. a3 Bxc3 15. Qxc3
Nf8 16. O-O-O Ne6 17. Rhf1 Kb8 18. Bh3 Rc8 19. Nf4 Rhd8 20. b4 Nc7 21. Qb3 a5
22. Kd2 axb4 23. axb4 Ne6 24. Ke2 Kc7 25. c3 Ra8 26. Ra1 Qb5+ 27. Kd2 Rxa1 28.
Rxa1 Nc8 29. Ra5 Qb6 30. Qa3 Ne7 31. Bf1 Kd7 1/2-1/2

[Event "Liberec Open 2018"]
[Site "Liberec CZE"]
[Date "2018.02.28"]
[Round "6.15"]
[White "Vetter, Udo"]
[Black "Pop, Tomas"]
[Result "1/2-1/2"]
[WhiteElo "1454"]
[BlackElo "1789"]
[PlyCount "59"]
[EventDate "2018.02.24"]
[EventCountry "CZE"]
[SourceTitle "Ajedrez en Madrid"]
[Source "lmi"]
[SourceDate "2018.02.24"]

1. c4 Nf6 2. Nc3 e6 3. Nf3 c5 4. g3 b6 5. Bg2 Bb7 6. e3 d6 7. d4 cxd4 8. exd4
Nbd7 9. Bg5 Be7 10. O-O Rc8 11. b3 O-O 12. Rc1 Re8 13. Re1 Qc7 14. d5 e5 15. a3
h6 16. Be3 Nh7 17. Bh3 Ra8 18. Qc2 Ndf8 19. Bf5 Bc8 20. h4 Bd7 21. Kg2 Qc8 22.
Bxd7 Qxd7 23. Qe2 f5 24. Nh2 Nf6 25. f4 exf4 26. Bxf4 Bd8 27. Qd3 Ng6 28. Bd2
Ne5 29. Qd4 Be7 30. Bf4 1/2-1/2

[Event "Liberec Open 2018"]
[Site "Liberec CZE"]
[Date "2018.02.28"]
[Round "6.16"]
[White "Simon, Petr"]
[Black "Krzyzosiak, Anna"]
[Result "1-0"]
[WhiteElo "1692"]
[BlackElo "1538"]
[PlyCount "61"]
[EventDate "2018.02.24"]
[EventCountry "CZE"]
[SourceTitle "Ajedrez en Madrid"]
[Source "lmi"]
[SourceDate "2018.02.24"]

1. d4 Nf6 2. c4 g6 3. Nc3 Bg7 4. e4 d6 5. Nf3 O-O 6. h3 e5 7. d5 c6 8. Be3 cxd5
9. cxd5 Nh5 10. Qd2 f5 11. Bh6 fxe4 12. Nxe4 Bf5 13. Bxg7 Nxg7 14. Ng3 Qb6 15.
Be2 Nd7 16. O-O Nf6 17. Rac1 Nfh5 18. Nxh5 Nxh5 19. Kh2 Nf4 20. g3 Bxh3 21.
gxf4 Bxf1 22. Rxf1 Rxf4 23. Kg3 Raf8 24. Bd1 Qd8 25. Rh1 e4 26. Qxf4 Rxf4 27.
Kxf4 exf3 28. Kxf3 Qf6+ 29. Kg2 Qg5+ 30. Kf1 Qxd5 31. Bb3 1-0

[Event "Liberec Open 2018"]
[Site "Liberec CZE"]
[Date "2018.02.28"]
[Round "6.17"]
[White "Hauser, Matthias"]
[Black "Mraz, Pavel"]
[Result "1/2-1/2"]
[WhiteElo "1359"]
[BlackElo "1597"]
[PlyCount "29"]
[EventDate "2018.02.24"]
[EventCountry "CZE"]
[SourceTitle "Ajedrez en Madrid"]
[Source "lmi"]
[SourceDate "2018.02.24"]

1. e4 c5 2. c3 d5 3. exd5 Qxd5 4. d4 Nf6 5. Nf3 e6 6. Be2 Be7 7. Be3 O-O 8.
dxc5 Qxd1+ 9. Bxd1 Nbd7 10. O-O Nxc5 11. Nbd2 Rd8 12. Nb3 Nxb3 13. Bxb3 b6 14.
Rfd1 Bb7 15. Nd4 1/2-1/2

[Event "Liberec Open 2018"]
[Site "Liberec CZE"]
[Date "2018.02.28"]
[Round "6.18"]
[White "Rimovsky, Pavel"]
[Black "Bruna, Matous"]
[Result "1/2-1/2"]
[WhiteElo "1597"]
[BlackElo "1397"]
[PlyCount "54"]
[EventDate "2018.02.24"]
[EventCountry "CZE"]
[SourceTitle "Ajedrez en Madrid"]
[Source "lmi"]
[SourceDate "2018.02.24"]

1. d4 d5 2. e3 e6 3. c4 Nf6 4. Nc3 c6 5. Nf3 Be7 6. a3 dxc4 7. Bxc4 c5 8. O-O
O-O 9. Qe2 Nc6 10. dxc5 Bxc5 11. b4 Bd6 12. Rd1 Qe7 13. e4 Ne5 14. Nxe5 Bxe5
15. Bb2 a6 16. Na4 Bxb2 17. Nxb2 b5 18. e5 Nd7 19. Bb3 Bb7 20. Rd6 Rfd8 21.
Rad1 Nf8 22. Rxd8 Rxd8 23. Rxd8 Qxd8 24. f4 Qd4+ 25. Qf2 Qc3 26. Bd1 Qxa3 27.
Qd2 Qa2 1/2-1/2

[Event "Liberec Open 2018"]
[Site "Liberec CZE"]
[Date "2018.02.28"]
[Round "6.19"]
[White "Voldrich, Milan"]
[Black "Starzynski, Pawel"]
[Result "0-1"]
[WhiteElo "1612"]
[BlackElo "1453"]
[PlyCount "54"]
[EventDate "2018.02.24"]
[EventCountry "CZE"]
[SourceTitle "Ajedrez en Madrid"]
[Source "lmi"]
[SourceDate "2018.02.24"]

1. c4 g6 2. d4 Nf6 3. Nf3 Bg7 4. Nc3 d6 5. Bg5 Nbd7 6. e3 O-O 7. Bd3 b6 8. e4
c5 9. d5 Ng4 10. h3 Nge5 11. Nxe5 Nxe5 12. f4 Nxd3+ 13. Qxd3 h6 14. Bh4 Bd7 15.
O-O f6 16. e5 Bf5 17. Qe3 fxe5 18. fxe5 h5 19. e6 Bd4 20. Qxd4 cxd4 21. Ne2 d3
22. Nd4 Rc8 23. b3 Rc5 24. Rf4 b5 25. Raf1 bxc4 26. g4 Rxd5 27. Nc6 Qb6+ 0-1

[Event "Liberec Open 2018"]
[Site "Liberec CZE"]
[Date "2018.02.28"]
[Round "6.20"]
[White "Kotesovec, Jaroslav"]
[Black "Kopecky, Zdenek"]
[Result "0-1"]
[WhiteElo "1531"]
[BlackElo "1579"]
[PlyCount "46"]
[EventDate "2018.02.24"]
[EventCountry "CZE"]
[SourceTitle "Ajedrez en Madrid"]
[Source "lmi"]
[SourceDate "2018.02.24"]

1. e4 c5 2. c3 d6 3. d4 cxd4 4. cxd4 Nf6 5. Nc3 e6 6. Bg5 Be7 7. Nf3 h6 8. Bh4
a6 9. Qc2 b5 10. Bd3 Nc6 11. Nxb5 Nb4 12. Nc7+ Kf8 13. Qc3 Nxd3+ 14. Qxd3 Qxc7
15. O-O Qb6 16. b3 g5 17. Bg3 Bd7 18. a4 Rc8 19. e5 Nd5 20. exd6 Bxd6 21. Ne5
Bxe5 22. Bxe5 f6 23. Qf3 Rc3 0-1

[Event "Liberec Open 2018"]
[Site "Liberec CZE"]
[Date "2018.03.01"]
[Round "7.1"]
[White "Plischki, Sebastian"]
[Black "Parligras, Cosmin"]
[Result "1-0"]
[WhiteElo "2400"]
[BlackElo "2214"]
[PlyCount "69"]
[EventDate "2018.02.24"]
[EventCountry "CZE"]
[SourceTitle "Ajedrez en Madrid"]
[Source "lmi"]
[SourceDate "2018.02.24"]

1. d4 Nf6 2. c4 e6 3. g3 Bb4+ 4. Bd2 Be7 5. Bg2 d5 6. Nf3 c6 7. Qc2 O-O 8. O-O
b6 9. Rd1 Bb7 10. b3 Ne4 11. Nc3 f5 12. Bc1 Nd7 13. Bb2 Bd6 14. e3 Qe7 15. Ne2
Rac8 16. Nf4 g5 17. Nd3 g4 18. Nfe5 Nxe5 19. dxe5 Bc7 20. Bxe4 fxe4 21. Nf4 Rf5
22. Qe2 h5 23. h3 gxh3 24. Kh2 Kf7 25. cxd5 cxd5 26. Rac1 Bxe5 27. Rxc8 Bxc8
28. Bxe5 Rxe5 29. Rc1 Bd7 30. Rc7 Qd6 31. Rxa7 Rg5 32. Qd2 Kf6 33. Qd4+ Kf5 34.
Qh8 Kg4 35. Nxh3 1-0

[Event "Liberec Open 2018"]
[Site "Liberec CZE"]
[Date "2018.03.01"]
[Round "7.2"]
[White "Balinski, Damian"]
[Black "Chakravarthi Reddy, M."]
[Result "1/2-1/2"]
[WhiteElo "2164"]
[BlackElo "2380"]
[PlyCount "95"]
[EventDate "2018.02.24"]
[EventCountry "CZE"]
[SourceTitle "Ajedrez en Madrid"]
[Source "lmi"]
[SourceDate "2018.02.24"]

1. d4 f5 2. g3 Nf6 3. c4 g6 4. Bg2 Bg7 5. Nf3 O-O 6. O-O c6 7. Nc3 Ne4 8. Qc2
Nxc3 9. bxc3 d6 10. Re1 e5 11. dxe5 dxe5 12. Ba3 Re8 13. Rad1 Qa5 14. Bd6 e4
15. Nd4 Nd7 16. f3 Nc5 17. Bxc5 Qxc5 18. fxe4 fxe4 19. Bxe4 Qxc4 20. Bd3 Bxd4+
21. cxd4 Qxd4+ 22. e3 Qg7 23. Bc4+ Kh8 24. Rd6 Bf5 25. Qd2 Qe5 26. Bb3 Re7 27.
Re2 Rae8 28. Re1 Kg7 29. Re2 Be4 30. Rf2 Bd5 31. Rdf6 Rd8 32. R6f4 Rdd7 33.
Bxd5 Rxd5 34. Qe2 Rdd7 35. e4 c5 36. Qf3 Qa1+ 37. Kg2 Qd1 38. Qc3+ Qd4 39. Qf3
Qc4 40. h4 h5 41. Rf6 Rf7 42. e5 Rfe7 43. e6 Rc7 44. Rxg6+ Kxg6 45. Qf5+ Kg7
46. Qf6+ Kh7 47. Qf5+ Kg7 48. Qf6+ 1/2-1/2

[Event "Liberec Open 2018"]
[Site "Liberec CZE"]
[Date "2018.03.01"]
[Round "7.3"]
[White "Bednar, Marcel"]
[Black "Jedynak, Radoslaw"]
[Result "0-1"]
[WhiteElo "2246"]
[BlackElo "2342"]
[PlyCount "86"]
[EventDate "2018.02.24"]
[EventCountry "CZE"]
[SourceTitle "Ajedrez en Madrid"]
[Source "lmi"]
[SourceDate "2018.02.24"]

1. d4 d5 2. c4 dxc4 3. e4 b5 4. a4 c6 5. Nf3 e6 6. Bg5 f6 7. Be3 Bb4+ 8. Nbd2
Ne7 9. Be2 O-O 10. O-O f5 11. g3 Nd7 12. Qc2 Nf6 13. Rfd1 fxe4 14. Ng5 h6 15.
Ngxe4 Ned5 16. Nxf6+ Qxf6 17. Nf3 Bb7 18. Rf1 Qf5 19. Rac1 Qxc2 20. Rxc2 Nb6
21. Ne5 Nxa4 22. Bg4 Rfe8 23. Bh5 Rf8 24. Bg4 Rfe8 25. Bh5 Re7 26. Bf3 c5 27.
Ra1 Bxf3 28. Nxf3 a5 29. Rxa4 bxa4 30. dxc5 Rc7 31. Rxc4 Rac8 32. Kg2 Bxc5 33.
Bf4 Bd6 34. Rxa4 Bxf4 35. gxf4 Ra8 36. Ne5 Rb7 37. Nc6 Ra6 38. Nxa5 Rxb2 39.
Ra3 Rb4 40. Nc4 Rxa3 41. Nxa3 Rxf4 42. Nc2 Ra4 43. Ne3 Kf7 0-1

[Event "Liberec Open 2018"]
[Site "Liberec CZE"]
[Date "2018.03.01"]
[Round "7.4"]
[White "Moravec, Vit"]
[Black "Tesar, Jan"]
[Result "1-0"]
[WhiteElo "2211"]
[BlackElo "2044"]
[PlyCount "83"]
[EventDate "2018.02.24"]
[EventCountry "CZE"]
[SourceTitle "Ajedrez en Madrid"]
[Source "lmi"]
[SourceDate "2018.02.24"]

1. e4 c5 2. Nf3 a6 3. c3 d6 4. d4 Nf6 5. Bd3 g6 6. O-O Bg7 7. h3 O-O 8. Re1 Qc7
9. Bf4 cxd4 10. cxd4 Nc6 11. Nc3 e6 12. Rc1 Qd8 13. Qd2 Nh5 14. Bg5 Bf6 15. Bh6
Ng7 16. e5 dxe5 17. dxe5 Be7 18. Rcd1 Qc7 19. Bg5 Rd8 20. Bxe7 Qxe7 21. Qh6 Ne8
22. Ne4 Qf8 23. Qh4 h6 24. Bc4 Bd7 25. Rd2 b5 26. Bb3 g5 27. Qg3 Na5 28. Red1
Ra7 29. Nfxg5 hxg5 30. Qxg5+ Qg7 31. Qxd8 Bc6 32. Nf6+ Kh8 33. Ng4 Nxb3 34.
axb3 Ra8 35. Qh4+ Kg8 36. Rd8 Kf8 37. Rxa8 Bxa8 38. Rd8 Bc6 39. Rb8 Qg6 40.
Qh6+ Ke7 41. Qxg6 fxg6 42. Nf6 1-0

[Event "Liberec Open 2018"]
[Site "Liberec CZE"]
[Date "2018.03.01"]
[Round "7.5"]
[White "Strzelecki, Jerzy"]
[Black "Dzikowski, Michal"]
[Result "1/2-1/2"]
[WhiteElo "2019"]
[BlackElo "2158"]
[PlyCount "114"]
[EventDate "2018.02.24"]
[EventCountry "CZE"]
[SourceTitle "Ajedrez en Madrid"]
[Source "lmi"]
[SourceDate "2018.02.24"]

1. c4 e6 2. Nc3 d5 3. d4 Nf6 4. Nf3 Be7 5. Bf4 O-O 6. e3 c5 7. dxc5 Bxc5 8.
cxd5 exd5 9. Be2 Nc6 10. O-O Be6 11. Rc1 Qe7 12. Nd4 Nxd4 13. exd4 Bd6 14. Bxd6
Qxd6 15. Bf3 Rac8 16. Qd2 Bg4 17. Bxg4 Nxg4 18. g3 Nf6 19. Rfe1 a6 20. Re5 Qb4
21. Rd1 Qc4 22. h4 b5 23. a3 a5 24. f3 Qb3 25. Re3 Qc4 26. Rc1 b4 27. Ne2 Qb5
28. axb4 axb4 29. Kf2 h6 30. Rb3 Rb8 31. Rc5 Qa4 32. Re3 Rfc8 33. Nf4 Qd7 34.
Rxc8+ Qxc8 35. Kg2 Qc4 36. b3 Qa6 37. Re2 Rc8 38. Nd3 Rc3 39. Nxb4 Qb5 40. Qxc3
Qxe2+ 41. Kg1 Nh5 42. Qc8+ Kh7 43. Qc2+ Qxc2 44. Nxc2 Nxg3 45. Kf2 Nf5 46. h5
Kg8 47. b4 Kf8 48. Ne3 Nxd4 49. Nxd5 Ke8 50. Ke3 Nb5 51. Ke4 Kd7 52. Ke5 g6 53.
Nf6+ Kc6 54. f4 gxh5 55. Nxh5 Nc7 56. Kf6 Nd5+ 57. Kxf7 Nxf4 1/2-1/2

[Event "Liberec Open 2018"]
[Site "Liberec CZE"]
[Date "2018.03.01"]
[Round "7.6"]
[White "Saglam, Buelent"]
[Black "Steiner, Bruno"]
[Result "1-0"]
[WhiteElo "2083"]
[BlackElo "2150"]
[PlyCount "91"]
[EventDate "2018.02.24"]
[EventCountry "CZE"]
[SourceTitle "Ajedrez en Madrid"]
[Source "lmi"]
[SourceDate "2018.02.24"]

1. d4 d5 2. c4 e6 3. Nc3 c6 4. e3 Nf6 5. Nf3 Nbd7 6. Qc2 Bd6 7. b3 O-O 8. Bd3
e5 9. cxd5 cxd5 10. Nb5 Bb4+ 11. Bd2 Bxd2+ 12. Nxd2 e4 13. Be2 a6 14. Nc3 Re8
15. b4 Nf8 16. Nb3 Qd6 17. a3 Re7 18. Rc1 Bf5 19. Nc5 Rc7 20. Qb3 h6 21. a4 h5
22. a5 h4 23. h3 Ne6 24. N3a4 g5 25. Kd2 Rd8 26. Rcg1 Kf8 27. g3 Ke7 28. gxh4
gxh4 29. Nb6 Qc6 30. Bg4 Bxg4 31. hxg4 Ng5 32. Rg2 h3 33. Rg3 Rh8 34. Qb1 Rh4
35. Kc3 Kd6 36. f4 exf3 37. Qf5 Nge4+ 38. Kb2 Ke7 39. g5 Qd6 40. gxf6+ Nxf6 41.
Rxf3 Rxc5 42. bxc5 Qc6 43. Qxf6+ Ke8 44. Qxf7+ Kd8 45. Qg8+ Kc7 46. Qc8# 1-0

[Event "Liberec Open 2018"]
[Site "Liberec CZE"]
[Date "2018.03.01"]
[Round "7.7"]
[White "Ochedzan, Tymon"]
[Black "Czopor, Maciej"]
[Result "1-0"]
[WhiteElo "1979"]
[BlackElo "2144"]
[PlyCount "61"]
[EventDate "2018.02.24"]
[EventCountry "CZE"]
[SourceTitle "Ajedrez en Madrid"]
[Source "lmi"]
[SourceDate "2018.02.24"]

1. e4 c5 2. Nf3 Nc6 3. d4 cxd4 4. Nxd4 Qb6 5. Nb3 Nf6 6. Nc3 e6 7. Bd3 a6 8.
O-O Be7 9. Be3 Qc7 10. f4 d6 11. Qf3 O-O 12. Rae1 b5 13. g4 b4 14. Ne2 Bb7 15.
g5 Nd7 16. Qh3 Rfe8 17. Ned4 Nxd4 18. Nxd4 e5 19. Nf5 Bf8 20. Nxg7 Bxg7 21. f5
Nc5 22. f6 Nxd3 23. cxd3 Bc8 24. Qh4 Bf8 25. g6 hxg6 26. Bh6 Qd7 27. Rf5 Re6
28. Bxf8 Rxf6 29. Qh6 Qa7+ 30. Kh1 Bxf5 31. Qg7# 1-0

[Event "Liberec Open 2018"]
[Site "Liberec CZE"]
[Date "2018.03.01"]
[Round "7.8"]
[White "Certek, Pavel"]
[Black "Czarniecka, Aleksandra"]
[Result "1/2-1/2"]
[WhiteElo "2256"]
[BlackElo "1964"]
[PlyCount "110"]
[EventDate "2018.02.24"]
[EventCountry "CZE"]
[SourceTitle "Ajedrez en Madrid"]
[Source "lmi"]
[SourceDate "2018.02.24"]

1. Nf3 Nf6 2. b3 g6 3. Bb2 Bg7 4. g3 O-O 5. Bg2 d6 6. d4 e5 7. dxe5 Ng4 8. O-O
Nxe5 9. Nxe5 dxe5 10. Na3 Qe7 11. Nc4 Rd8 12. Qc1 Nc6 13. e4 Nd4 14. Kh1 a5 15.
c3 Ne6 16. Ne3 c6 17. Rd1 Nc7 18. Rxd8+ Qxd8 19. Qc2 Be6 20. Rd1 Qe7 21. Bf1
Rd8 22. Ba3 Qe8 23. Bc5 Rxd1 24. Qxd1 a4 25. Bc4 axb3 26. axb3 b5 27. Bxe6 Nxe6
28. Bb4 c5 29. Ba5 Qa8 30. b4 Qxe4+ 31. Kg1 Bf8 32. Qd5 Qxd5 33. Nxd5 cxb4 34.
cxb4 f5 35. Nc3 Nd4 36. Bb6 Bxb4 37. Bxd4 exd4 38. Nxb5 d3 39. Kf1 Kf7 40. Nc7
Ba5 41. Nd5 d2 42. Ke2 Ke6 43. Ne3 Bb4 44. Nc4 Kd5 45. Nxd2 Bxd2 46. Kxd2 Ke4
47. Ke2 g5 48. f3+ Kd4 49. Kd2 h6 50. Ke2 Ke5 51. Ke3 Kd5 52. Kd3 Kc5 53. Kc3
Kd5 54. Kd3 Kc5 55. Kc3 Kd5 1/2-1/2

[Event "Liberec Open 2018"]
[Site "Liberec CZE"]
[Date "2018.03.01"]
[Round "7.9"]
[White "Vitak, Jiri"]
[Black "Gurack, Daniel"]
[Result "1/2-1/2"]
[WhiteElo "1968"]
[BlackElo "2084"]
[PlyCount "129"]
[EventDate "2018.02.24"]
[EventCountry "CZE"]
[SourceTitle "Ajedrez en Madrid"]
[Source "lmi"]
[SourceDate "2018.02.24"]

1. d4 e6 2. c4 Nf6 3. Nf3 Be7 4. g3 b6 5. Bg2 Bb7 6. O-O O-O 7. Nc3 Ne4 8. Qc2
f5 9. Ne5 d5 10. cxd5 exd5 11. Be3 c6 12. Rac1 Qe8 13. Qb3 Kh8 14. Nxe4 fxe4
15. f3 exf3 16. exf3 Nd7 17. f4 Nxe5 18. fxe5 Qd7 19. Qd3 Qe6 20. Rxf8+ Rxf8
21. Rf1 Rxf1+ 22. Qxf1 Bc8 23. Qf3 Qf5 24. Qxf5 Bxf5 25. Kf2 Be6 26. Bf1 Kg8
27. Bd3 c5 28. Kf3 Kf7 29. Bc2 h6 30. a3 Bd7 31. h4 c4 32. Bd2 a5 33. h5 Bd8
34. g4 b5 35. Bg6+ Kf8 36. Bc3 Bb6 37. Kf4 Be6 38. Bf5 Kf7 39. Bg6+ Ke7 40. g5
Kd7 41. Bf5 Bd8 42. gxh6 gxh6 43. Kg4 Bb6 44. Kf4 b4 45. axb4 axb4 46. Bxb4
Bxd4 47. Ba3 Bg1 48. Bd6 Bh2+ 49. Kg4 d4 50. Bf8 Bxe5 51. Bxh6 d3 52. Bg5 Bxb2
53. h6 Bh8 54. Bxe6+ Kxe6 55. Kf3 Bf6 56. Bc1 Kd5 57. h7 c3 58. Bg5 Bh8 59. Kf2
Kc4 60. Ke3 Bd4+ 61. Kf3 Bg7 62. Bh6 Bh8 63. Ke3 Bd4+ 64. Kf3 c2 65. Bd2
1/2-1/2

[Event "Liberec Open 2018"]
[Site "Liberec CZE"]
[Date "2018.03.01"]
[Round "7.10"]
[White "Cakl, Zdenek"]
[Black "Peniska, Pavel"]
[Result "1-0"]
[WhiteElo "2064"]
[BlackElo "1908"]
[PlyCount "85"]
[EventDate "2018.02.24"]
[EventCountry "CZE"]
[SourceTitle "Ajedrez en Madrid"]
[Source "lmi"]
[SourceDate "2018.02.24"]

1. Nf3 Nf6 2. b3 d5 3. Bb2 c5 4. e3 Nc6 5. Bb5 Bg4 6. O-O Rc8 7. h3 Bh5 8. d3
e6 9. g4 Bg6 10. Ne5 Be7 11. Nd2 O-O 12. Bxc6 bxc6 13. f4 h6 14. Qe2 Bh7 15. e4
Ne8 16. a4 f6 17. Nef3 Bg6 18. exd5 exd5 19. Rae1 Bd6 20. Nh4 Bf7 21. Nf5 c4
22. dxc4 Bc5+ 23. Kh2 Nc7 24. Ne7+ Bxe7 25. Qxe7 Re8 26. Qxd8 Rcxd8 27. cxd5
Nxd5 28. Rxe8+ Rxe8 29. Rf2 Nxf4 30. Bd4 Nd5 31. Bxa7 Nb4 32. Nf3 Bg6 33. Nd4
Kf7 34. Bc5 Na6 35. Bb6 Be4 36. c3 Nb8 37. Nf5 Bxf5 38. Rxf5 Nd7 39. Bd4 Rb8
40. b4 c5 41. Bxc5 g6 42. Rd5 Ke6 43. Rd6+ 1-0

[Event "Liberec Open 2018"]
[Site "Liberec CZE"]
[Date "2018.03.01"]
[Round "7.11"]
[White "Wietschke, Rolf"]
[Black "Wiley, Thomas"]
[Result "0-1"]
[WhiteElo "1930"]
[BlackElo "2190"]
[PlyCount "46"]
[EventDate "2018.02.24"]
[EventCountry "CZE"]
[SourceTitle "Ajedrez en Madrid"]
[Source "lmi"]
[SourceDate "2018.02.24"]

1. Nf3 f5 2. g3 Nf6 3. Bg2 g6 4. O-O Bg7 5. c4 O-O 6. Nc3 d6 7. d4 Qe8 8. Re1
Qf7 9. d5 Ne4 10. Qc2 Nxc3 11. bxc3 c5 12. Bd2 h6 13. h4 e5 14. e4 Nd7 15. exf5
gxf5 16. Nh2 e4 17. f4 Kh8 18. g4 fxg4 19. Nxg4 Nf6 20. Ne3 Qh5 21. Bxe4 Nxe4
22. Qxe4 Rg8 23. Ng2 Bh3 0-1

[Event "Liberec Open 2018"]
[Site "Liberec CZE"]
[Date "2018.03.01"]
[Round "7.12"]
[White "Spicka, Jan"]
[Black "Hofman, Krystof"]
[Result "0-1"]
[WhiteElo "1992"]
[BlackElo "1819"]
[PlyCount "58"]
[EventDate "2018.02.24"]
[EventCountry "CZE"]
[SourceTitle "Ajedrez en Madrid"]
[Source "lmi"]
[SourceDate "2018.02.24"]

1. e4 c5 2. Nf3 Nc6 3. d4 cxd4 4. Nxd4 g6 5. Nc3 Bg7 6. Be3 Nf6 7. f3 Qa5 8.
Qd2 d6 9. O-O-O O-O 10. Kb1 Rd8 11. Bc4 Bd7 12. h4 Rdc8 13. Bb3 h5 14. g4 hxg4
15. h5 Nxh5 16. fxg4 Bxg4 17. Rdg1 Ne5 18. Rh4 Nf6 19. Bh6 Bh8 20. Qf4 Qc5 21.
Qf2 Nf3 22. Rhxg4 Nxg1 23. Rxg1 e6 24. Rg5 Nxe4 25. Nxe4 Qxd4 26. Qxd4 Bxd4 27.
Nxd6 Rd8 28. c3 Rxd6 29. cxd4 Kh7 0-1

[Event "Liberec Open 2018"]
[Site "Liberec CZE"]
[Date "2018.03.01"]
[Round "7.13"]
[White "Polansky, Adam Lubos"]
[Black "Pawicka, Magdalena"]
[Result "1-0"]
[WhiteElo "1949"]
[BlackElo "1807"]
[PlyCount "63"]
[EventDate "2018.02.24"]
[EventCountry "CZE"]
[SourceTitle "Ajedrez en Madrid"]
[Source "lmi"]
[SourceDate "2018.02.24"]

1. d4 Nf6 2. Nf3 e6 3. g3 Be7 4. Bg2 O-O 5. O-O Nc6 6. c4 d5 7. Qc2 Qd7 8. Rd1
b6 9. Ne5 Qe8 10. cxd5 Nb4 11. Qxc7 Nbxd5 12. Qc6 Ba6 13. Nc3 Nxc3 14. bxc3 Rc8
15. Qf3 Qa4 16. Bg5 Nd5 17. Bxe7 Nxe7 18. Bh3 Qc2 19. Rdc1 Qxe2 20. Qxe2 Bxe2
21. a4 Nd5 22. c4 Nb4 23. Ra3 Bh5 24. d5 Nxd5 25. a5 b5 26. c5 a6 27. Nd7 Rfd8
28. Nb6 Rc6 29. Rd3 Bg6 30. Rd4 Rb8 31. Bg2 Kf8 32. Nd7+ 1-0

[Event "Liberec Open 2018"]
[Site "Liberec CZE"]
[Date "2018.03.01"]
[Round "7.14"]
[White "Lintner, Felix"]
[Black "Haag, Guenter"]
[Result "0-1"]
[WhiteElo "1852"]
[BlackElo "1948"]
[PlyCount "62"]
[EventDate "2018.02.24"]
[EventCountry "CZE"]
[SourceTitle "Ajedrez en Madrid"]
[Source "lmi"]
[SourceDate "2018.02.24"]

1. e4 c5 2. Nc3 e6 3. g3 Nc6 4. Bg2 Nf6 5. d3 d5 6. exd5 exd5 7. Nge2 Be7 8.
O-O O-O 9. h3 Be6 10. d4 Qd7 11. g4 Rac8 12. Be3 cxd4 13. Nxd4 Nxd4 14. Bxd4 h5
15. f3 b6 16. Qd2 Rc4 17. Kh1 Nh7 18. Rad1 Rfc8 19. Qf2 hxg4 20. fxg4 R8c6 21.
Be5 Nf6 22. Bxf6 Bxf6 23. Nxd5 Bxd5 24. Bxd5 Rxc2 25. Bxc6 Qxc6+ 26. Qf3 Qc7
27. Qa8+ Kh7 28. Qe4+ g6 29. Qf4 Qc6+ 30. Rf3 Rf2 31. Rf1 Rxf1+ 0-1

[Event "Liberec Open 2018"]
[Site "Liberec CZE"]
[Date "2018.03.01"]
[Round "7.15"]
[White "Shanmukha Pulli"]
[Black "Koubova, Anna Marie"]
[Result "1-0"]
[WhiteElo "1654"]
[BlackElo "1945"]
[PlyCount "50"]
[EventDate "2018.02.24"]
[EventCountry "CZE"]
[SourceTitle "Ajedrez en Madrid"]
[Source "lmi"]
[SourceDate "2018.02.24"]

1. d4 Nf6 2. Bf4 d5 3. e3 e6 4. Nd2 c5 5. c3 Nc6 6. Ngf3 Be7 7. Bd3 O-O 8. Bg3
a6 9. Ne5 Bd7 10. f4 b5 11. a3 Qb6 12. Bh4 Be8 13. O-O b4 14. axb4 cxb4 15. Qc2
h6 16. c4 dxc4 17. Ndxc4 Qb7 18. Nxc6 Qxc6 19. Bxf6 Bxf6 20. Be4 Qc8 21. Bxa8
Qxa8 22. Nd6 Bc6 23. Rac1 Bd5 24. Qc8 Bxg2 25. Qxa8 Rxa8 1-0

[Event "Liberec Open 2018"]
[Site "Liberec CZE"]
[Date "2018.03.01"]
[Round "7.16"]
[White "Zochowski, Janusz"]
[Black "Simon, Petr"]
[Result "1-0"]
[WhiteElo "1929"]
[BlackElo "1692"]
[PlyCount "45"]
[EventDate "2018.02.24"]
[EventCountry "CZE"]
[SourceTitle "Ajedrez en Madrid"]
[Source "lmi"]
[SourceDate "2018.02.24"]

1. e4 e6 2. d4 d5 3. Nc3 Nf6 4. Bg5 Be7 5. e5 Nfd7 6. Bxe7 Qxe7 7. f4 a6 8. Nf3
c5 9. dxc5 Nxc5 10. Bd3 Nc6 11. Qd2 Nxd3+ 12. Qxd3 Bd7 13. O-O-O O-O 14. Ng5 g6
15. Nce4 dxe4 16. Qxd7 Qb4 17. Qd6 Qb6 18. Rhe1 Rac8 19. Nxe4 Rfd8 20. Qc5
Rxd1+ 21. Rxd1 Qc7 22. Rd7 Qb8 23. Qb6 1-0

[Event "Liberec Open 2018"]
[Site "Liberec CZE"]
[Date "2018.03.01"]
[Round "7.17"]
[White "Stodola, Zdenek"]
[Black "Ulicny, Daniel"]
[Result "0-1"]
[WhiteElo "1534"]
[BlackElo "1789"]
[PlyCount "42"]
[EventDate "2018.02.24"]
[EventCountry "CZE"]
[SourceTitle "Ajedrez en Madrid"]
[Source "lmi"]
[SourceDate "2018.02.24"]

1. d4 f5 2. c4 Nf6 3. g3 e6 4. Bg2 d5 5. Nc3 Be7 6. Nf3 O-O 7. cxd5 exd5 8. O-O
Ne4 9. Nd2 c6 10. Ncxe4 fxe4 11. Qb3 Qb6 12. Qxb6 axb6 13. f3 Bf6 14. Kh1 e3
15. Nb3 Re8 16. Rd1 Bf5 17. Rd3 Bxd3 18. exd3 Na6 19. a3 Nb4 20. axb4 Rxa1 21.
Nxa1 e2 0-1

[Event "Liberec Open 2018"]
[Site "Liberec CZE"]
[Date "2018.03.01"]
[Round "7.18"]
[White "Voith, Walter"]
[Black "Reinhardt, Michael"]
[Result "0-1"]
[WhiteElo "1474"]
[BlackElo "1749"]
[PlyCount "20"]
[EventDate "2018.02.24"]
[EventCountry "CZE"]
[SourceTitle "Ajedrez en Madrid"]
[Source "lmi"]
[SourceDate "2018.02.24"]

1. e4 d5 2. exd5 Qxd5 3. Nc3 Qd6 4. d4 Nf6 5. Nf3 a6 6. g3 Bg4 7. Bg2 Nc6 8.
Bf4 Qd7 9. d5 Nb4 10. Qd3 Nxd3+ 0-1

[Event "Liberec Open 2018"]
[Site "Liberec CZE"]
[Date "2018.03.01"]
[Round "7.19"]
[White "Jina, Lubos"]
[Black "Rimovsky, Pavel"]
[Result "1/2-1/2"]
[WhiteElo "1702"]
[BlackElo "1597"]
[PlyCount "27"]
[EventDate "2018.02.24"]
[EventCountry "CZE"]
[SourceTitle "Ajedrez en Madrid"]
[Source "lmi"]
[SourceDate "2018.02.24"]

1. d4 Nf6 2. Nf3 g6 3. c4 d6 4. Nc3 Bg7 5. e3 O-O 6. Bd3 Nbd7 7. O-O e5 8. dxe5
Nxe5 9. Nxe5 dxe5 10. e4 Bg4 11. f3 Be6 12. Qc2 Bxc4 13. Rd1 Bxd3 14. Rxd3
1/2-1/2